Cercle de Comparació Intermunicipal dels Serveis Locals d'Ocupació : resultats resultats
MARC
| LEADER | 00000nam a2200000Ia 4500 | ||
|---|---|---|---|
| 001 | 21912 | ||
| 003 | Arxiu | ||
| 005 | 20260324180545.0 | ||
| 008 | 160829m20092010spc xx s s cat c | ||
| 040 | |a AGDB | ||
| 080 | |a M-6-262 | ||
| 080 | |a Bib-39 | ||
| 245 | 0 | 0 | |a Cercle de Comparació Intermunicipal dels Serveis Locals d'Ocupació : |b resultats |
| 260 | |a Barcelona: |b Diputació de Barcelona. Àrea de Desenvolupament Econòmic. Servei de Mercat de Treball : |b Àrea d'Hisenda i Recursos Interns. Servei de Programació, |c 2009-2010 | ||
| 300 | |a 2 volums : |b gràfics ; |c 29 cm | ||
| 590 | |a Recull el treball realitzat i les conclusions de les sessions del Cercle de Comparació durant l'any 2008 | ||
| 650 | 0 | |a Serveis municipals |x Barcelona (Catalunya : Província) |9 30634 | |
| 650 | 0 | |a Serveis municipals |x Barcelona (Província) |x Estadístiques |9 49885 |2 Arxiu | |
| 710 | |a Barcelona (Catalunya : Província). |b Servei de Mercat de Treball |9 52905 | ||
| 710 | 2 | |a Cercles de Comparació Intermunicipal |9 53629 | |
| 710 | |a Barcelona (Catalunya : Província). |b Servei de Programació |9 53631 | ||
| 710 | 1 | |a Barcelona (Catalunya : Província). |b Servei de Suport a les Polítiques de Consum |9 52739 | |
| 866 | |a 2008 | ||
| 866 | |a 2009 | ||
| 901 | |a Arxiu | ||
| 942 | |n 1 |2 udc |c ARXIU | ||
| 952 | |0 0 |1 0 |4 0 |7 1 |9 53026 |a Arxiu |b Arxiu |d 2023-04-03 |h 2008 (1a edició) |o M-6-262 |p 21912 |r 2016-12-01 00:00:00 |w 2016-12-01 |y ARXIU | ||
| 952 | |0 0 |1 0 |4 0 |7 1 |9 55221 |a Arxiu |b Arxiu |d 2023-04-03 |h 2009 (2a edició) |o Bib-39 |p 23788 |r 2016-12-01 00:00:00 |w 2016-12-01 |y ARXIU | ||
| 999 | |c 56875 |d 56875 | ||